Goodha-Ramya Maharashtra (Record no. 154919)

MARC details
000 -LEADER
fixed length control field 00371nam a2200145Ia 4500
008 - FIXED-LENGTH DATA ELEMENTS--GENERAL INFORMATION
fixed length control field 230411s9999 xx 000 0 und d
020 ## - INTERNATIONAL STANDARD BOOK NUMBER
International Standard Book Number 81-7434-380-6
041 ## - LANGUAGE CODE
Language code of text/sound track or separate title eng
082 ## - DEWEY DECIMAL CLASSIFICATION NUMBER
Classification number X/891/GUN/B04215
100 ## - MAIN ENTRY--PERSONAL NAME
Personal name Gunaji Milind
9 (RLIN) 178164
245 ## - TITLE STATEMENT
Title Goodha-Ramya Maharashtra
260 ## - PUBLICATION, DISTRIBUTION, ETC. (IMPRINT)
Name of publisher, distributor, etc. Rajhans Prakashan
Place of publication, distribution, etc. Pune
Date of publication, distribution, etc. 2007
300 ## - PHYSICAL DESCRIPTION
Extent 145p
Holdings
Withdrawn status Lost status Damaged status Not for loan Collection code Home library Current library Date acquired Vendor Cost, normal purchase price Bill number Total Checkouts Full call number Barcode Date last seen Cost, replacement price Bill Date Koha item type Original Barcode
          Smt. Bakul Tambat Institute of Nursing Education Smt. Bakul Tambat Institute of Nursing Education 23/10/2007 Akshardhara 150.00 207   X 891 GUN B04215 BTIN-BK-4215 11/04/2023 120.00 23/10/2007 Books B04215